MEGA QUIZZ COLUMBINE : T'es un vrai FAN ? - Statistiques

Statistiques générales
  • Ce quiz a été pris 87 fois
    86 depuis la dernière actualisation
  • Le résultat moyen est 6 sur 30
Statistiques - réponses
Questions Réponses % Correct
Comment s'appelait le tout premier collectif du groupe, avant même Columbine ? VMS
79%
Quel membre du groupe était le "spécialiste" du montage vidéo et réalisait tous les premiers clips en DIY ? Foda C
52%
Quel membre du collectif est décrit comme le plus dépensier ("la fashion week dans le rouge") Sully
48%
Dans "Adieu, au revoir", combien de morceaux ont en commun Luji et Foda ? 2
40%
Quel membre du collectif, responsable du design, Luji a-t-il désigné comme son "chouchou" ? Chaps
35%
Quel membre du collectif a demandé un remboursement "au centime près" pour des courses datant de plusieurs mois ? Yro
35%
Quel membre de la famille de Lujipeka est sur la pochette de "Clubbing for Columbine" ? Son petit frère
30%
Sous quel nom Lorenzo opérait t'il dans Columbine ? Larry Garcia
27%
Qu'ont-ils fait de leur premier disque d'or pour l'album "Enfants Terribles" Bruler
25%
Dans quoi Foda et sa mère ont vécu pendant 1 an et demi au collège par manque de moyen ? Mobil-home
25%
Quel "tube" radio est considéré par Luji comme le morceau qui "clôture l'aventure Columbine" ? C'est pas grave
22%
Quel film de Gus Van Sant a directement inspiré le nom "Columbine" ? Elephant
22%
Dans quel clip Foda, Luji, Chaman et Sully rappent devant un bâtiment inondé de sable ? Été triste
14%
Dans quel lycée de Rennes se sont-ils rencontrés ? Bréquigny
13%
Sur quel son Sacha (Veskki) a son seul couplet sous l'époque Columbine ? Gracias
11%
Sur quel site de grande marque de fast-fashion ont-ils retrouvé des contrefaçons de leur merch ? H&M
11%
Quel son d'Yro a été supprimé récemment des plateformes (sauf Youtube) ? RIP
11%
Quel membre de Columbine n'un qu'UN seul couplet disponible en ligne (Planète Rap) ? KCIV
10%
Quel producteur aujourd'hui renommé a commencé les prods grâce à Luji ? Skuna
10%
De quelle insulte portugaise vient le pseudo de Foda C Foda se
8%
Quel est le nom du shop TCG que Lorenzo a ouvert ? Joe la carte
8%
Quel est le nom de la marque abandonnée de vêtement de Chaps ? Dorme
6%
Quel était le nom de leur tout premier son/clip (maintenant supprimé ?) Société Secrète
6%
Quel album de Kanye West est le "classique" ultime de Foda C ? 808s & Heartbreak
5%
Quel album de Jul est considéré par Luji comme "un des meilleurs albums de rap français" ? Dans ma paranoïa
5%
Quel artiste français culte ont-ils dû contacter pour valider le sample de "Puzzle" Étienne Daho
5%
Quel collectif de rap US citent-ils comme influence majeure pour leur côté DIY et transgressif ? Odd Future
5%
Que signifiait justement l'acronyme de l'ancien nom ? (Impossible que tu l'aies) Violence en milieu scolaire
5%
Quel était le titre du tout premier son écrit par Lujipeka ? Beavis & Butt Head
3%
Quel son devait être à la base sur Clubbing for Columbine mais a été retiré au dernier moment à cause de problèmes de droits ? Space Machine
3%
Aucun quiz correspondant
Distribution des résultats
% des personnes avec chaque résultat
Percentile par nombre de réponses
Votre historique - résultats
Vous n’avez pas pris ce quiz depuis la dernière actualisation